00441nam a2200157Ia 4500001001000000003000500010008004100015010001100056040000900067100002500076245004600101260005800147300001000205440004100215650002700256Para_3535CHAP220125s1903 xx 000 0 und d a202059 cCHAP aSanderson, E. Dwight aThe codling moth /c E. Dwight Sanderson aNewark, Delaware :b Agricultural Experiment Station a22 p. aDelaware. Agri. Exp. Sta., Bull.; 59 aQ Carpocapsa pomenella